000 00630nam a2200229Ia 4500
005 20250108125045.0
008 008 250107s9999 xx 000 0 eng d
020 _a978-81-291-1395-5
037 _aREF
040 _aCRL
_beng
_cCRL
041 _aeng
_2eng
084 _aV28154 155R1.2(RR)
084 _qCRL
100 _aMansharamani Neelam
_9730351
245 0 _aNeelam: mother of hope and joy
_cMansharamani Neelam
260 _aNew Delhi, India
_bTeksons
_c3172
300 _a88p.
365 _aINR
_b569
650 _aSOCIOLOGY
942 _cREF
_hV28154 155R1.2(RR)
999 _c1235560
_d1235560